Countries that Start with C with Exceptions - Statistics

General Stats
  • This quiz has been taken 185 times
  • The average score is 9 of 10
Answer Stats
Country % Correct
Canada
93%
China
93%
Croatia
90%
Chile
88%
Czechia
88%
Colombia
87%
Cambodia
86%
Cuba
82%
Cyprus
82%
Costa Rica
78%
No matching quizzes found
Score Distribution
Percent of People with Each Score
Percentile by Number Answered
Your Score History
You have not taken this quiz